| 000 | 00622nam a2200169 a 4500 | ||
|---|---|---|---|
| 008 | 120416s1982 ||||||||||||||||| || u | ||
| 050 | _aHC 254.5 Mac | ||
| 100 | _aMcKendrick, Neil | ||
| 245 | 1 | 4 | _aThe birth of a consumer society |
| 246 | _athe commercialization of eighteenth century England | ||
| 260 |
_aLondon _bEuropa Publications _c1982 |
||
| 300 | _aviii, 345p. | ||
| 350 | _a0.00 | ||
| 650 | 0 | _aBUSINESS | |
| 650 | _aCONSUMER BEHAVOIUR--GREAT BRITAIN | ||
| 995 |
_D0.00 _FCBU-MAIN LIBRARY (Kitwe) _H1 _I0.00 _M1 _UAVAILABLE _ZAnnex Low-Usage Collection |
||
| 999 |
_c35956 _d35956 |
||